000 00608njm a2200181 i 4500
001 C2-0218110
003 PPAK
005 20180729152103.0
008 990720s1989 my |||| ||||| | may d
040 _aPPAK
_beng
_cPPAK
_erda
245 0 0 _aHari Sastera Kedah
_b(Makalah IX) Puisi Jihaty Abadi oleh Mohamad Daud Mohamad ; Puisi Afrini Adham oleh Dh...
264 1 _aAlor Setar, Kedah :
_bPerbadanan Perpustakaan Awam Kedah ,
_c1989
336 _2rdacontent
_atext
337 _2rdamedia
_aunmediated
338 _2rdacarrier
_avolume
500 _aDirakam pada 6/8/89 ; Tiada transkripsi
942 _ddc
_cB
999 _c163119
_d163119